Learning Resource and Development

Selected stories / (Record no. 12649)

MARC details
000 -LEADER
fixed length control field 00775nam a22002537a 4500
005 - DATE AND TIME OF LATEST TRANSACTION
control field 20230512223930.0
008 - FIXED-LENGTH DATA ELEMENTS--GENERAL INFORMATION
fixed length control field 221006t xxu||||| |||| 00| 0 eng d
020 ## - INTERNATIONAL STANDARD BOOK NUMBER
International Standard Book Number 9789715428019
040 ## - CATALOGING SOURCE
Transcribing agency CSPC
050 0# - LIBRARY OF CONGRESS CALL NUMBER
Classification number PR9550.9.J6
082 0# - DEWEY DECIMAL CLASSIFICATION NUMBER
Classification number 899.210301
Item number J772s
100 ## - MAIN ENTRY--PERSONAL NAME
Personal name Jose, F. Sionil.
Relator term author.
245 00 - TITLE STATEMENT
Title Selected stories /
Statement of responsibility, etc. F. Sionil Jose.
260 ## - PUBLICATION, DISTRIBUTION, ETC.
Place of publication, distribution, etc. Diliman, Quezon City :
Name of publisher, distributor, etc. University of the Philippines Press,
Date of publication, distribution, etc. 2016.
300 ## - PHYSICAL DESCRIPTION
Extent xi, 257 pages :
Dimensions 24 cm.
336 ## - CONTENT TYPE
Source rdacontent
Content type term text
337 ## - MEDIA TYPE
Source rdamedia
Media type term unmediated
338 ## - CARRIER TYPE
Source rdacarrier
Carrier type term volume
650 10 - SUBJECT ADDED ENTRY--TOPICAL TERM
Topical term or geographic name entry element Short stories, Philippines.
940 ## - EQUIVALENCE OR CROSS-REFERENCE--UNIFORM TITLE [OBSOLETE] [CAN/MARC only]
Uniform title <a href="aly">aly</a>
942 ## - ADDED ENTRY ELEMENTS (KOHA)
Koha item type
-- FIL 899.210301 J772s 2016
Holdings
Withdrawn status Lost status Damaged status Not for loan Home library Current library Shelving location Date acquired Total Checkouts Full call number Barcode Date last seen Date last checked out Copy number Price effective from Koha item type
        Main Library Main Library Filipiniana Section 05/12/2023 1 FIL 899.210301 J772s 2016 024766 03/03/2025 02/14/2025 1-1 05/12/2023 Books